000 00844cam a22002292 4500
001 0000004878
005 20151217151943.0
008 070530s xx 000 0 eng d
020 _cKES 250
040 _aKABU
_cKABU
050 0 _aRA644
_b.A25A363 1996
245 1 0 _aAIDS in Kenya :
_bbackground, projections, impact, and interventions /
_cedited by G. M. Baltazar ... [et al. ; prepared by National AIDS and STDs Control Programme, Ministry of Health, Nairobi]
250 _a5th ed.
260 _a[Nairobi] :
_bNASCOP,
_c1999.
300 _av, 58 p. :
_bill. ;
_c30 cm.
650 0 _aAIDS (Disease)
_zKenya.
_@0000155790
700 1 _aBaltazar, G. M.
_@0000155791
710 2 _aNational AIDS and STDs Control Programme (Kenya)
_@0000155792
908 _a070530
950 _@1
999 _c6697
_d6697